| 000 | 00631nam a2200181 a 4500 | ||
|---|---|---|---|
| 005 | 20230602063640.0 | ||
| 008 | 991125s1982 mx 000 0 spa u | ||
| 035 | _aUPN01000053713 | ||
| 049 | _aLTG | ||
| 050 | 4 |
_aLB1582 M6 _bS5 |
|
| 100 | 1 |
_aCastañeda García, Carmen, _d1941-2007 _936459 |
|
| 245 | 1 | 0 |
_aSinaloa : _btierra fértil entre la costa y la sierra : edición experimental / |
| 260 |
_aMéxico : _bSEP, Comisión Nacional de los Libros de Texto Gratuitos, _c1982. |
||
| 300 |
_a235 p. : _bil. col., mapas |
||
| 651 | 7 |
_aSinaloa _xDescripción y viajes _2 _924459 |
|
| 651 | 2 |
_aSinaloa _xHistoria _923666 |
|
| 905 | _aLibro | ||
| 999 |
_c53713 _d53713 |
||